Une vie / (Record no. 185579)

MARC details
000 -LEADER
campo de control de longitud fija 00647nam a2200205 i 4500
001 - NÚMERO DE CONTROL
campo de control 185579
003 - IDENTIFICADOR DE NÚMERO DE CONTROL
campo de control SpMaBN
005 - FECHA Y HORA DE LA ÚLTIMA TRANSACCIÓN
campo de control 20251014063301.0
008 - DATOS DE LONGITUD FIJA--INFORMACIÓN GENERAL
campo de control de longitud fija 160719s2007 fr cf |||| |aspa d
020 ## - NÚMERO INTERNACIONAL ESTÁNDAR DEL LIBRO
Número Internacional Estándar del Libro 978-2-234-05817-0
080 ## - NÚMERO DE LA CLASIFICACIÓN DECIMAL UNIVERSAL
Número de la Clasificación Decimal Universal 929 Veil, Simone
100 1# - ENTRADA PRINCIPAL--NOMBRE DE PERSONA
Nombre de persona Veil, Simone,
Fechas asociadas al nombre 1927-
9 (RLIN) 160169
245 14 - MENCIÓN DEL TÍTULO
Título Une vie /
Mención de responsabilidad, etc. Simone Veil.
260 ## - PUBLICACIÓN, DISTRIBUCIÓN, ETC.
Lugar de publicación, distribución, etc. [Paris] :
Nombre del editor, distribuidor, etc. Stock,
Fecha de publicación, distribución, etc. [2007]
300 ## - DESCRIPCIÓN FÍSICA
Extensión 398 p., [24] p. de lám. retr. ;
Dimensiones 22 cm.
500 ## - NOTA GENERAL
Nota general Anexos: discursos pronunciados por la autora.
600 17 - PUNTO DE ACCESO ADICIONAL DE MATERIA--NOMBRE DE PERSONA
Nombre de persona Veil, Simone,
Fechas asociadas al nombre 1927-
Fuente del encabezamiento o término
9 (RLIN) 160169
852 ## - LOCALIZACIÓN
Ubicación ES-MaACL
Número de control de estantería L-30451
Nota libre . - Donat. Carmen Zumárraga
Holdings
Estatus retirado Estado de pérdida Estado de daño No para préstamo Biblioteca de origen Biblioteca actual Ubicación en estantería Fecha de adquisición Fuente de adquisición Total de préstamos Signatura topográfica completa Código de barras Visto por última vez Precio de reemplazo Tipo de ítem Koha
        Biblioteca del Ateneo de Madrid Biblioteca del Ateneo de Madrid Depósito 2 19/07/2016     L-30451 1195617 23/02/2023 23/02/2023 Libro impreso